[Event "Hilton Open 2013"]
[Site "Basel"]
[Date "2013.01.03"]
[Round "4.10"]
[White "Ghaem Maghami, Ehsan"]
[Black "Nuri, Kambez"]
[Result "1-0"]
[WhiteElo "2572"]
[BlackElo "2241"]
[PlyCount "59"]
[EventDate "2013.??.??"]
[SourceDate "2013.01.01"]

1. e4 c5 2. Nf3 d6 3. c3 Nf6 4. h3 Nbd7 5. Bd3 b6 6. O-O Bb7 7. Re1 Qc7 8. Bc2
Rc8 9. d3 e6 10. Bf4 Be7 11. Nbd2 O-O 12. Rc1 Rfd8 13. Qe2 Nf8 14. d4 Ng6 15.
Bg5 cxd4 16. cxd4 e5 17. d5 Nd7 18. Be3 Nb8 19. Nb1 Qd7 20. Nc3 Ba6 21. Bd3 Qb7
22. Nb5 Nf8 23. a4 Nfd7 24. b4 Bxb5 25. Bxb5 Rxc1 26. Rxc1 Rc8 27. Bc6 Qc7 28.
Qa2 Bd8 29. Qa3 h6 30. Ba8 1-0

[Event "Hilton Open 2013"]
[Site "Basel"]
[Date "2013.01.03"]
[Round "4.11"]
[White "Bogdanovich, Grigory"]
[Black "Hansen, Eric"]
[Result "1/2-1/2"]
[WhiteElo "2343"]
[BlackElo "2568"]
[PlyCount "105"]
[EventDate "2013.??.??"]
[SourceDate "2013.01.01"]

1. d4 Nf6 2. Nf3 g6 3. c4 Bg7 4. Nbd2 O-O 5. e3 d6 6. b3 e5 7. Bb2 e4 8. Ng1
Re8 9. Ne2 Nbd7 10. Qc2 h5 11. Nc3 Qe7 12. Be2 Nf8 13. h3 N8h7 14. O-O-O c6 15.
Kb1 d5 16. cxd5 Nxd5 17. Nxd5 cxd5 18. Ka1 Be6 19. Nb1 Rac8 20. Qd2 a6 21. Rhe1
Qf6 22. Bf1 g5 23. Ba3 h4 24. Rc1 g4 25. hxg4 Ng5 26. Qe2 Bf8 27. Bxf8 Rxf8 28.
Kb2 Kg7 29. Rxc8 Rxc8 30. Rc1 Rxc1 31. Kxc1 Qd8 32. Nc3 Qc7 33. Kb2 Qh2 34. Nb1
Bd7 35. a4 Qd6 36. Nc3 Be6 37. Qe1 Qh2 38. Ne2 h3 39. Nf4 hxg2 40. Bxg2 Bxg4
41. Ka3 Ne6 42. Nxe6+ fxe6 43. Qf1 a5 44. f3 exf3 45. Bxf3 Qd6+ 46. Kb2 Bf5 47.
Qg2+ Kf8 48. Bg4 Be4 49. Bf3 Bf5 50. Bg4 Bg6 51. Bd1 Be4 52. Bf3 Bf5 53. Bg4
1/2-1/2

[Event "Hilton Open 2013"]
[Site "Basel"]
[Date "2013.01.03"]
[Round "4.12"]
[White "Vulevic, Vjekoslav"]
[Black "Heimann, Andreas"]
[Result "1/2-1/2"]
[WhiteElo "2299"]
[BlackElo "2489"]
[PlyCount "94"]
[EventDate "2013.??.??"]
[SourceDate "2013.01.01"]

1. e4 e5 2. Nc3 Nf6 3. g3 d5 4. exd5 Nxd5 5. Bg2 Nxc3 6. bxc3 Nc6 7. d3 Bc5 8.
Ne2 Be6 9. O-O Bd5 10. c4 Bxg2 11. Kxg2 Qd7 12. Rb1 O-O-O 13. Be3 Bxe3 14. fxe3
e4 15. d4 Na5 16. c5 Nc4 17. Rb3 h5 18. h3 h4 19. g4 f5 20. Rc3 Nb2 21. c6 bxc6
22. Qb1 fxg4 23. Qxb2 gxh3+ 24. Kh1 Qg4 25. Nf4 Rdf8 26. Rg1 Qf3+ 27. Kh2 Qf2+
28. Kh1 Qf3+ 29. Kh2 g5 30. Qa3 Qf2+ 31. Kh1 Qf3+ 32. Kh2 g4 33. Qa6+ Kd8 34.
Ne6+ Ke7 35. Qa3+ Ke8 36. Ng5 g3+ 37. Kxh3 Qf5+ 38. Kg2 Qf2+ 39. Kh3 Qf5+ 40.
Kg2 h3+ 41. Kh1 Qxg5 42. Qa6 Kd8 43. Qxc6 g2+ 44. Kh2 Qe7 45. Qa8+ Kd7 46. Qc6+
Kd8 47. Qa8+ Kd7 1/2-1/2

[Event "Hilton Open 2013"]
[Site "Basel"]
[Date "2013.01.03"]
[Round "4.13"]
[White "Lekic, Dusan"]
[Black "Aerni, Andi"]
[Result "1-0"]
[WhiteElo "2411"]
[BlackElo "2206"]
[PlyCount "51"]
[EventDate "2013.??.??"]
[SourceDate "2013.01.01"]

1. d4 d5 2. c4 e6 3. Nf3 Nf6 4. g3 Bb4+ 5. Bd2 Be7 6. Bg2 O-O 7. O-O Nbd7 8.
Qc2 c6 9. a4 a5 10. Nc3 b6 11. e4 Bb7 12. e5 Ne8 13. cxd5 cxd5 14. Nb5 Rc8 15.
Qb3 Nc7 16. Rfc1 Na6 17. Nd6 Bxd6 18. exd6 Rxc1+ 19. Rxc1 Qb8 20. Ne5 Rd8 21.
Nxd7 Rxd7 22. Qxb6 Qxd6 23. Qxa5 f6 24. b4 e5 25. b5 Nb8 26. Bh3 1-0

[Event "Hilton Open 2013"]
[Site "Basel"]
[Date "2013.01.03"]
[Round "4.14"]
[White "Tschann, Stephan"]
[Black "Mladenov, Svetlin"]
[Result "0-1"]
[WhiteElo "2224"]
[BlackElo "2407"]
[PlyCount "52"]
[EventDate "2013.??.??"]
[SourceDate "2013.01.01"]

1. Nf3 c5 2. c4 g6 3. d4 cxd4 4. Nxd4 Bg7 5. e4 Nc6 6. Be3 Nf6 7. Nc3 d6 8. Be2
O-O 9. O-O Bd7 10. f3 a5 11. Qd2 a4 12. Rac1 Qa5 13. Rfd1 Rfc8 14. Ndb5 Ne5 15.
Nd5 Nxd5 16. Qxa5 Rxa5 17. cxd5 Rxc1 18. Rxc1 Bxb5 19. Rc8+ Bf8 20. Bh6 Nd7 21.
Bd2 Bxe2 22. Bxa5 b6 23. Bc3 f5 24. Rc7 Ne5 25. Kf2 Bc4 26. a3 fxe4 0-1

[Event "Hilton Open 2013"]
[Site "Basel"]
[Date "2013.01.03"]
[Round "4.15"]
[White "Wirz, Heinz"]
[Black "Filipovic, Branko"]
[Result "0-1"]
[WhiteElo "2161"]
[BlackElo "2369"]
[PlyCount "86"]
[EventDate "2013.??.??"]
[SourceDate "2013.01.01"]

1. d4 Nf6 2. c4 b6 3. Nc3 Bb7 4. Qc2 d5 5. cxd5 Nxd5 6. e4 Nxc3 7. bxc3 g6 8.
Bb5+ Nd7 9. Be3 Bg7 10. f3 O-O 11. Ne2 c6 12. Ba4 Qc7 13. O-O b5 14. Bb3 c5 15.
Qd2 Rfd8 16. Rac1 Nf6 17. Rfd1 Rac8 18. Qe1 c4 19. Bc2 e6 20. Rb1 Bc6 21. Qf2
h6 22. Bf4 Qe7 23. a4 a6 24. axb5 axb5 25. Be5 Ra8 26. Ra1 Bf8 27. Bxf6 Qxf6
28. e5 Qg5 29. f4 Qe7 30. Ng3 b4 31. cxb4 Rxa1 32. Rxa1 Qxb4 33. Kh1 Qb2 34.
Rb1 Qxd4 35. Qf1 c3 36. Rd1 Qb6 37. Rb1 Qc5 38. Ne4 Bxe4 39. Bxe4 Rd2 40. h3
Qd4 41. Re1 c2 42. Kh2 c1=Q 43. Rxc1 Qxe4 0-1

[Event "Hilton Open 2013"]
[Site "Basel"]
[Date "2013.01.03"]
[Round "4.17"]
[White "Deubelbeiss, Rene"]
[Black "Toth, Bela"]
[Result "0-1"]
[WhiteElo "2015"]
[BlackElo "2352"]
[PlyCount "72"]
[EventDate "2013.??.??"]
[SourceDate "2013.01.01"]

1. c4 e6 2. g3 d5 3. Bg2 dxc4 4. Na3 Bxa3 5. bxa3 Nf6 6. Qa4+ Bd7 7. Qxc4 Bc6
8. Nf3 O-O 9. Bb2 Nbd7 10. O-O Bd5 11. Qc2 c5 12. d3 Rc8 13. e4 Bc6 14. Rac1
Qe7 15. a4 b6 16. Nd2 Rfd8 17. Nc4 Ne8 18. f4 f6 19. Rf2 Nb8 20. g4 Qd7 21. Bf1
Bxa4 22. Qe2 Nc6 23. g5 Nd4 24. Qh5 Qf7 25. Qh3 Bb5 26. Ne3 f5 27. Nc4 Bxc4 28.
Rxc4 b5 29. Rc1 g6 30. Qe3 Qd7 31. h4 Ng7 32. h5 Nxh5 33. Rh2 Qd6 34. Rh4 Rc7
35. Rd1 Rf7 36. Bh3 fxe4 0-1

[Event "Hilton Open 2013"]
[Site "Basel"]
[Date "2013.01.03"]
[Round "4.18"]
[White "Faraone, Ettore"]
[Black "Faibisovich, Vadim Z"]
[Result "1/2-1/2"]
[WhiteElo "2003"]
[BlackElo "2349"]
[PlyCount "59"]
[EventDate "2013.??.??"]
[SourceDate "2013.01.01"]

1. e4 c5 2. Nf3 Nc6 3. d4 cxd4 4. Nxd4 g6 5. Nc3 Bg7 6. Be3 Nf6 7. Be2 O-O 8.
O-O d5 9. exd5 Nb4 10. Nf3 Nfxd5 11. Nxd5 Nxd5 12. Bd4 Nf4 13. Bxg7 Kxg7 14.
Re1 Qxd1 15. Raxd1 Kf6 16. Bf1 Bf5 17. Rd2 Rfd8 18. Red1 Rxd2 19. Rxd2 Rc8 20.
c3 g5 21. h3 Rc7 22. Kh2 Rd7 23. g3 Rxd2 24. Nxd2 Nd3 25. Bxd3 Bxd3 26. f3 Ke5
27. Kg2 f5 28. Kf2 f4 29. g4 Kd5 30. a3 1/2-1/2

[Event "Hilton Open 2013"]
[Site "Basel"]
[Date "2013.01.03"]
[Round "4.19"]
[White "Guo, Emma"]
[Black "Flueckiger, Christian"]
[Result "1/2-1/2"]
[WhiteElo "2006"]
[BlackElo "2344"]
[PlyCount "78"]
[EventDate "2013.??.??"]
[SourceDate "2013.01.01"]

1. d4 d6 2. Nf3 g6 3. c4 Bg7 4. Nc3 Nd7 5. g3 e5 6. dxe5 dxe5 7. Bg2 Ne7 8. O-O
O-O 9. Qc2 Nc5 10. b4 Ne6 11. Rd1 Qe8 12. Bb2 Nf5 13. e3 f6 14. Nd2 Nh6 15. c5
Ng5 16. Nd5 Rf7 17. Nc4 Bg4 18. Rf1 Qe6 19. e4 Bf3 20. Bxf3 Nxf3+ 21. Kg2 f5
22. Nce3 Nd4 23. Qd3 c6 24. exf5 gxf5 25. Bxd4 cxd5 26. Bb2 d4 27. Nc2 Qd5+ 28.
Kg1 a6 29. a4 Rd8 30. Rad1 Ng4 31. h3 e4 32. Qd2 Ne5 33. Nxd4 Qxd4 34. Qe2 Nf3+
35. Kg2 Qxb2 36. Rxd8+ Rf8 37. Qc4+ Kh8 38. Rxf8+ Bxf8 39. b5 axb5 1/2-1/2

[Event "Hilton Open 2013"]
[Site "Basel"]
[Date "2013.01.03"]
[Round "4.20"]
[White "Dann, Matthias"]
[Black "Balint, Vilmos"]
[Result "1-0"]
[WhiteElo "2432"]
[BlackElo "2252"]
[PlyCount "93"]
[EventDate "2013.??.??"]
[SourceDate "2013.01.01"]

1. c4 Nf6 2. Nf3 g6 3. Nc3 d5 4. cxd5 Nxd5 5. e4 Nxc3 6. dxc3 Qxd1+ 7. Kxd1 Bg4
8. Bf4 Bxf3+ 9. gxf3 c6 10. h4 h5 11. Kc2 Nd7 12. Rd1 e6 13. Bg3 O-O-O 14. f4
f5 15. Bc4 Nc5 16. exf5 Rxd1 17. Rxd1 gxf5 18. a3 b5 19. Ba2 Rh6 20. f3 Rg6 21.
Bf2 a6 22. b4 Nb7 23. Rg1 Rxg1 24. Bxe6+ Kc7 25. Bxg1 Nd6 26. Bd4 Be7 27. Be5
Bxh4 28. c4 bxc4 29. Bxf5 Bg3 30. Be6 h4 31. Kd2 Bh2 32. Bxc4 Kd7 33. Bxa6 Nf7
34. Bb8 Bg3 35. Bf1 Kc8 36. Ba7 Bxf4+ 37. Be3 Bg3 38. Kd3 Nd6 39. Bh3+ Kc7 40.
f4 Be1 41. f5 Nf7 42. f6 Kd6 43. Ke4 Kc7 44. Kf5 Bc3 45. Ke6 Nd8+ 46. Ke7 Be5
47. f7 1-0

[Event "Hilton Open 2013"]
[Site "Basel"]
[Date "2013.01.03"]
[Round "4.21"]
[White "Maisuradze, Nino"]
[Black "Hendriks, Willy"]
[Result "1/2-1/2"]
[WhiteElo "2306"]
[BlackElo "2420"]
[PlyCount "53"]
[EventDate "2013.??.??"]
[SourceDate "2013.01.01"]

1. d4 d6 2. Nf3 Nf6 3. Bg5 Nbd7 4. Nbd2 e5 5. e4 Be7 6. c3 h6 7. Bh4 exd4 8.
Bxf6 Bxf6 9. cxd4 O-O 10. Bd3 c5 11. O-O cxd4 12. Nb3 Nc5 13. Rb1 Be6 14. Bc2
Bc4 15. e5 Bxb3 16. exf6 Bxc2 17. Qxc2 Qxf6 18. b4 Ne6 19. Qe4 b6 20. Rbc1 Rae8
21. Kh1 Nf4 22. Qxd4 Qf5 23. Rc4 Ng6 24. Qxd6 Rd8 25. Qc6 Qd3 26. Kg1 Rfe8 27.
Rd4 1/2-1/2

[Event "Hilton Open 2013"]
[Site "Basel"]
[Date "2013.01.03"]
[Round "4.22"]
[White "Georgiadis, Nico"]
[Black "Villegas, Pierre"]
[Result "1-0"]
[WhiteElo "2369"]
[BlackElo "2234"]
[PlyCount "97"]
[EventDate "2013.??.??"]
[SourceDate "2013.01.01"]

1. e4 e5 2. Nf3 Nf6 3. Nc3 Nc6 4. g3 Bb4 5. Bg2 O-O 6. d3 d5 7. exd5 Nxd5 8.
Bd2 Nde7 9. O-O f6 10. Ne4 Bxd2 11. Qxd2 b6 12. b4 Be6 13. Rfe1 Qd7 14. b5 Na5
15. Nc5 bxc5 16. Qxa5 Bd5 17. d4 Bxf3 18. Bxf3 Nf5 19. Bxa8 Rxa8 20. Qa6 Nxd4
21. Qb7 Rd8 22. Rab1 g5 23. Kg2 Qg4 24. h3 Qf5 25. Re3 Ne6 26. Qe4 Qg6 27.
Qxg6+ hxg6 28. Rb2 Rb8 29. Re1 Kf7 30. Reb1 Nd4 31. a4 Ke6 32. a5 Kd6 33. b6
cxb6 34. axb6 a5 35. Ra1 Nc6 36. Rb5 Rb7 37. Ra3 Nd4 38. Rbxa5 Rxb6 39. Ra6
Rxa6 40. Rxa6+ Nc6 41. Ra8 Ne7 42. Kf3 f5 43. Ke3 Kd5 44. Kd2 Nc6 45. Kc3 Ne7
46. Kb3 Nc6 47. Rg8 Ne7 48. Rg7 Ke6 49. Ka4 1-0

[Event "Hilton Open 2013"]
[Site "Basel"]
[Date "2013.01.03"]
[Round "4.23"]
[White "Karabalis, Harilos"]
[Black "Schmidt Schaeffer, Sebastian"]
[Result "0-1"]
[WhiteElo "2245"]
[BlackElo "2356"]
[PlyCount "106"]
[EventDate "2013.??.??"]
[SourceDate "2013.01.01"]

1. e4 g6 2. d4 Bg7 3. Nc3 c6 4. Nf3 d6 5. Be3 Bg4 6. Qd2 Nd7 7. Ng5 Nb6 8. h3
Bd7 9. O-O-O h6 10. Nf3 Qc7 11. e5 d5 12. g4 O-O-O 13. Nh4 h5 14. Be2 Nc4 15.
Bxc4 dxc4 16. Qe2 Be6 17. f4 hxg4 18. hxg4 Nh6 19. Rhg1 Bf8 20. Kb1 b5 21. Rdf1
b4 22. Ne4 Bd5 23. Bc1 Qb6 24. Rd1 e6 25. Nf3 Be7 26. Nfd2 Qxd4 27. Nd6+ Bxd6
28. exd6 Qxf4 29. b3 cxb3 30. Qa6+ Kb8 31. Nxb3 Qc4 32. Qa5 Be4 33. Qc7+ Ka8
34. Rd2 Rc8 35. Qa5 Rhd8 36. d7 Rxd7 37. Rh2 Ng8 38. Nc5 Rd5 39. Be3 Ne7 40.
Rc1 g5 41. Rd2 Bg6 42. Rxd5 cxd5 43. Na4 Qc7 44. Bb6 Qb7 45. Bg1 Nc6 46. Nb6+
Qxb6 47. Bxb6 Nxa5 48. Bxa5 Rc4 49. Kb2 Rxg4 50. Kb3 Kb7 51. Bxb4 Kc6 52. a4 e5
53. Bd2 Rg2 0-1

[Event "Hilton Open 2013"]
[Site "Basel"]
[Date "2013.01.03"]
[Round "4.24"]
[White "Dimitrov, Atanas"]
[Black "Prill, Daniel"]
[Result "1/2-1/2"]
[WhiteElo "2346"]
[BlackElo "2154"]
[PlyCount "105"]
[EventDate "2013.??.??"]
[SourceDate "2013.01.01"]

1. Nf3 d5 2. d4 Nf6 3. c4 c6 4. Nc3 a6 5. e3 Bf5 6. Qb3 Ra7 7. Nh4 Bg6 8. Nxg6
hxg6 9. g3 e6 10. Bg2 Bd6 11. e4 dxe4 12. Nxe4 Nxe4 13. Bxe4 Nd7 14. Be3 Qa5+
15. Bd2 Qh5 16. Qf3 Nf6 17. Qxh5 gxh5 18. Bf3 h4 19. O-O Ra8 20. b4 hxg3 21.
hxg3 O-O 22. Bc3 Rac8 23. a4 Rfe8 24. Rfe1 Re7 25. a5 Rd7 26. Kg2 Re7 27. Re2
Rd7 28. Rh1 Re7 29. Ree1 Rce8 30. Rh4 e5 31. dxe5 Bxe5 32. Rxe5 Rxe5 33. Bxe5
Rxe5 34. Rd4 Kf8 35. Rd8+ Re8 36. Rd1 Re5 37. Rh1 Ke7 38. Rd1 Ne8 39. Bg4 Nd6
40. f4 Re3 41. c5 Ne4 42. Bc8 Rxg3+ 43. Kh2 Rb3 44. Rd7+ Kf6 45. Rxb7 Rb2+ 46.
Kh3 g5 47. fxg5+ Kxg5 48. Rxf7 Rxb4 49. Rf5+ Kg6 50. Re5 Ng5+ 51. Kg2 Ra4 52.
Bxa6 Kf6 53. Re2 1/2-1/2

[Event "Hilton Open 2013"]
[Site "Basel"]
[Date "2013.01.03"]
[Round "4.25"]
[White "Kvetny, Mark"]
[Black "Vatter, Hans Joachim"]
[Result "1-0"]
[WhiteElo "2201"]
[BlackElo "2318"]
[PlyCount "63"]
[EventDate "2013.??.??"]
[SourceDate "2013.01.01"]

1. d4 d6 2. Nf3 g6 3. c4 Bg7 4. Nc3 Nc6 5. e4 Bg4 6. d5 Nd4 7. Be2 Bxf3 8. Bxf3
c5 9. dxc6 bxc6 10. Be3 e5 11. O-O Ne7 12. c5 O-O 13. cxd6 Qxd6 14. Rc1 Rac8
15. Be2 Qb4 16. b3 Kh8 17. Bc4 Rcd8 18. Qe1 f5 19. f4 fxe4 20. fxe5 Nef5 21.
Bxd4 Rxd4 22. Nxe4 Qe7 23. e6 Bh6 24. Rd1 Be3+ 25. Nf2 Rxd1 26. Qxd1 Qc5 27.
Qe2 Nd4 28. Qxe3 Nf3+ 29. Qxf3 Rxf3 30. gxf3 Qe3 31. Kg2 h5 32. Ne4 1-0

[Event "Hilton Open 2013"]
[Site "Basel"]
[Date "2013.01.03"]
[Round "4.26"]
[White "Schenker, Roberto"]
[Black "Lutz, Bernhard"]
[Result "1/2-1/2"]
[WhiteElo "2129"]
[BlackElo "2348"]
[PlyCount "76"]
[EventDate "2013.??.??"]
[SourceDate "2013.01.01"]

1. c4 e5 2. g3 Nf6 3. Bg2 d5 4. cxd5 Nxd5 5. Nf3 Nc6 6. d4 e4 7. Ne5 Bb4+ 8.
Bd2 e3 9. Bxb4 exf2+ 10. Kxf2 Ndxb4 11. Nxc6 Qf6+ 12. Bf3 Nxc6 13. e3 O-O 14.
Nc3 Ne7 15. Re1 Bh3 16. Ne4 Qh6 17. Rc1 c6 18. Rc5 f5 19. Nc3 Bg4 20. Kg1 Bxf3
21. Qxf3 Rae8 22. b4 Qd6 23. Qf4 Qe6 24. Qf1 Nc8 25. b5 cxb5 26. Qxb5 Nd6 27.
Qb3 Qxb3 28. axb3 Rc8 29. e4 fxe4 30. Nxe4 Rce8 31. Re5 Rxe5 32. dxe5 Nxe4 33.
Rxe4 Re8 34. Kf2 Kf7 35. Ke3 Re6 36. Kf4 Rb6 37. b4 Ke6 38. Rd4 Rc6 1/2-1/2

[Event "Hilton Open 2013"]
[Site "Basel"]
[Date "2013.01.03"]
[Round "4.27"]
[White "Maeurer, Christoph"]
[Black "Braeunlin, Klaus"]
[Result "1-0"]
[WhiteElo "2291"]
[BlackElo "2131"]
[PlyCount "103"]
[EventDate "2013.??.??"]
[SourceDate "2013.01.01"]

1. Nf3 Nf6 2. c4 e6 3. g3 b6 4. Bg2 Bb7 5. O-O Be7 6. b3 O-O 7. Bb2 c5 8. e3 d6
9. Qe2 Nbd7 10. d3 Qc7 11. Nc3 Rad8 12. Ne1 Bxg2 13. Nxg2 Qb7 14. f4 d5 15. g4
g6 16. e4 d4 17. Nd1 Ne8 18. e5 Ng7 19. Nf2 f5 20. exf6 Nxf6 21. Rae1 Rde8 22.
Bc1 Bd6 23. Ne4 Nxe4 24. Qxe4 Qxe4 25. Rxe4 e5 26. fxe5 Rxf1+ 27. Kxf1 Bxe5 28.
Kg1 Bd6 29. Rxe8+ Nxe8 30. h3 Kf7 31. Kf2 Nc7 32. Kf3 a6 33. Ke4 b5 34. Bd2 b4
35. Ne1 Kg7 36. Nf3 h6 37. h4 h5 38. gxh5 gxh5 39. Kf5 a5 40. Kg5 Ne6+ 41. Kxh5
Bf4 42. Kg4 Be3 43. Kf5 Kf7 44. Ke4 Bxd2 45. Nxd2 Kf6 46. Nf3 Ng7 47. Kd5 Ne6
48. Ne1 Nf4+ 49. Kxc5 Ne2 50. Kb5 Nc3+ 51. Kxa5 Nxa2 52. c5 1-0

[Event "Hilton Open 2013"]
[Site "Basel"]
[Date "2013.01.03"]
[Round "4.28"]
[White "Heinis, Vincent"]
[Black "Xheladini, Mahmut"]
[Result "1-0"]
[WhiteElo "2101"]
[BlackElo "2281"]
[PlyCount "123"]
[EventDate "2013.??.??"]
[SourceDate "2013.01.01"]

1. c4 e5 2. g3 d5 3. cxd5 Qxd5 4. Nf3 c6 5. Nc3 Qa5 6. Bg2 Nf6 7. d3 Nbd7 8.
O-O Be7 9. a3 O-O 10. b4 Bxb4 11. Na4 Bd6 12. Bb2 Re8 13. d4 Qc7 14. Rc1 Ng4
15. Nc3 a6 16. Ne4 Bf8 17. d5 c5 18. d6 Qb6 19. Rb1 Qd8 20. Qb3 h6 21. Rfd1
Ngf6 22. Neg5 hxg5 23. Nxg5 Re6 24. Nxe6 fxe6 25. Qxe6+ Kh7 26. Bxe5 Rb8 27.
Bf4 b5 28. e4 c4 29. e5 Nc5 30. Qf7 Be6 31. Qc7 Nfd7 32. Qxd8 Rxd8 33. Be3 Bf5
34. Rbc1 Nd3 35. f4 Nxc1 36. Rxc1 Be6 37. Be4+ g6 38. h4 Bg4 39. Kf2 Kg7 40.
Bd5 Re8 41. Bd4 Kh7 42. Bf7 Rd8 43. Rh1 Bg7 44. Ke3 Bf5 45. h5 g5 46. h6 Bh8
47. e6 gxf4+ 48. gxf4 Bxe6 49. Bxe6 Re8 50. f5 Nf8 51. Bxh8 Kxh8 52. Kd4 Kh7
53. Kd5 c3 54. Rc1 Kxh6 55. Rxc3 Kg5 56. Rc8 Rxc8 57. Bxc8 Kf6 58. Kc6 Kf7 59.
d7 Ke7 60. Kc7 Nxd7 61. Bxd7 a5 62. Bxb5 1-0

[Event "Hilton Open 2013"]
[Site "Basel"]
[Date "2013.01.03"]
[Round "4.29"]
[White "Hess, Christian Mathias"]
[Black "Graeber, Fabien"]
[Result "0-1"]
[WhiteElo "2269"]
[BlackElo "2071"]
[PlyCount "160"]
[EventDate "2013.??.??"]
[SourceDate "2013.01.01"]

1. c4 c6 2. e4 e5 3. Nf3 d6 4. d4 Nd7 5. Nc3 Ngf6 6. Be2 Be7 7. O-O O-O 8. Be3
Re8 9. Qc2 Qc7 10. Rac1 Ng4 11. Bd2 Nf8 12. d5 c5 13. b4 Bd7 14. bxc5 Qxc5 15.
h3 Nf6 16. Be3 Qc7 17. Nd2 b6 18. Qb3 Ng6 19. Nb5 Qc8 20. Bg5 h6 21. Bxf6 gxf6
22. Qg3 Kh7 23. Bg4 Nf4 24. Qf3 Rg8 25. Nd4 Bxg4 26. hxg4 Qxg4 27. Nf5 Qxf3 28.
Nxf3 Ne2+ 29. Kh2 Nxc1 30. Nxe7 Rge8 31. Nf5 Nxa2 32. Nxd6 Re7 33. Nh4 Nc3 34.
f4 a5 35. fxe5 fxe5 36. Rf6 Rd7 37. Nhf5 a4 38. Nxf7 Rxf7 39. Rxf7+ Kg6 40. Rb7
a3 41. Rxb6+ Kg5 42. Ne3 a2 43. Nc2 a1=Q 44. Nxa1 Rxa1 45. Re6 Kf4 46. Rxh6
Nxe4 47. Rh4+ Kf5 48. Rh5+ Kf6 49. Rh6+ Kg5 50. Rc6 Rd1 51. Re6 Kf5 52. Re8 Rc1
53. Rf8+ Kg5 54. Re8 Kf4 55. Rf8+ Ke3 56. Rc8 Kd4 57. d6 Nxd6 58. Rd8 Kc5 59.
Kg3 Rxc4 60. Kf3 Rc3+ 61. Ke2 Kd5 62. g4 Rg3 63. Rg8 Ne4 64. Rg7 Ke6 65. Rg6+
Kf7 66. Rb6 Rxg4 67. Ra6 Nf6 68. Rc6 Kg6 69. Kf3 Ra4 70. Rb6 Kf5 71. Rc6 Ra3+
72. Ke2 Nd5 73. Rc4 Nf4+ 74. Kf2 Ne6 75. Rb4 Nd4 76. Rb8 Ke4 77. Re8 Ra2+ 78.
Kf1 Kf4 79. Rc8 e4 80. Rc4 Kf3 0-1

[Event "Hilton Open 2013"]
[Site "Basel"]
[Date "2013.01.03"]
[Round "4.30"]
[White "Terraz, Christian"]
[Black "Bhend, Edwin"]
[Result "1/2-1/2"]
[WhiteElo "2098"]
[BlackElo "2248"]
[PlyCount "47"]
[EventDate "2013.??.??"]
[SourceDate "2013.01.01"]

1. d4 Nf6 2. c4 d6 3. Nc3 Nbd7 4. Nf3 e5 5. e4 c6 6. g3 Be7 7. Bg2 O-O 8. O-O
Re8 9. Re1 Bf8 10. b3 b6 11. Be3 Bb7 12. Qc2 Qc7 13. Rad1 a6 14. dxe5 dxe5 15.
Rd2 Bc5 16. Bxc5 Nxc5 17. Red1 Ne6 18. Qd3 Rad8 19. Qe3 Rxd2 20. Rxd2 c5 21.
Nd5 Bxd5 22. cxd5 Nd4 23. Nxd4 cxd4 24. Qd3 1/2-1/2

[Event "Hilton Open 2013"]
[Site "Basel"]
[Date "2013.01.03"]
[Round "4.31"]
[White "Curien, Nicolas"]
[Black "Stoeri, Laura"]
[Result "0-1"]
[WhiteElo "2239"]
[BlackElo "2053"]
[PlyCount "68"]
[EventDate "2013.??.??"]
[SourceDate "2013.01.01"]

1. d4 Nf6 2. Bg5 Ne4 3. Bf4 c5 4. f3 Qa5+ 5. c3 Nf6 6. Nd2 cxd4 7. Nc4 Qd8 8.
cxd4 b5 9. Ne5 d6 10. Nd3 Nc6 11. Nf2 e6 12. e4 d5 13. e5 Nd7 14. Be2 Qb6 15.
Kf1 a6 16. Be3 Ndxe5 17. b3 Bb7 18. f4 Nd7 19. Nf3 Be7 20. h4 Nf6 21. Rc1 Ba3
22. Rc2 Nb4 23. Rd2 Rc8 24. Rd3 Ne4 25. Rh3 Nxd3 26. Bxd3 Qc7 27. Ng5 Bc1 28.
Qh5 Bxe3 29. Rxe3 Qxf4 30. Bxe4 dxe4 31. g3 Qf6 32. Nxh7 Rc1+ 33. Kg2 Rxh7 34.
Qxh7 Rc2 0-1

[Event "Hilton Open 2013"]
[Site "Basel"]
[Date "2013.01.03"]
[Round "4.32"]
[White "Duessel, Udo"]
[Black "Janasik, Gerhard"]
[Result "1/2-1/2"]
[WhiteElo "2228"]
[BlackElo "2014"]
[PlyCount "76"]
[EventDate "2013.??.??"]
[SourceDate "2013.01.01"]

1. d4 d5 2. c4 e6 3. g3 Nf6 4. Bg2 Be7 5. Nf3 O-O 6. O-O dxc4 7. Qc2 a6 8. a4
Nc6 9. Qxc4 Qd5 10. Qxd5 exd5 11. Bf4 Bd6 12. Bxd6 cxd6 13. Nc3 Re8 14. e3 Nb4
15. Rfd1 Bd7 16. Ne1 Rac8 17. a5 Rc7 18. Nd3 Nxd3 19. Rxd3 Bc6 20. Rdd1 Ne4 21.
Rdc1 Rce7 22. Bxe4 dxe4 23. d5 Bd7 24. Na2 Bb5 25. Nb4 g6 26. Rc3 Kg7 27. Rac1
Kf6 28. Kg2 Ke5 29. Rc8 Rxc8 30. Rxc8 h5 31. h4 Ba4 32. Kf1 Bb3 33. Ke2 Bxd5
34. Nxd5 Kxd5 35. Kd2 Ke6 36. Kc3 Kd7 37. Rc4 Re5 38. b4 Rf5 1/2-1/2

[Event "Hilton Open 2013"]
[Site "Basel"]
[Date "2013.01.03"]
[Round "4.33"]
[White "Mueller, Werner"]
[Black "Winterberg, Lukas"]
[Result "1-0"]
[WhiteElo "2033"]
[BlackElo "2212"]
[PlyCount "83"]
[EventDate "2013.??.??"]
[SourceDate "2013.01.01"]

1. e4 c5 2. Nf3 Nc6 3. d4 cxd4 4. Nxd4 Nf6 5. Nc3 e5 6. Ndb5 d6 7. Bg5 a6 8.
Na3 b5 9. Bxf6 gxf6 10. Nd5 f5 11. Bd3 Be6 12. O-O Bg7 13. Qh5 f4 14. c4 bxc4
15. Bxc4 Nd4 16. Rac1 O-O 17. Nc2 Nxc2 18. Rxc2 Kh8 19. Rfc1 Ra7 20. Nb4 Qb6
21. Nd5 Qd8 22. g3 fxg3 23. hxg3 f5 24. Nf4 exf4 25. Bxe6 fxg3 26. Bxf5 gxf2+
27. Kf1 Bf6 28. Rc8 Qe7 29. Qh6 Ra8 30. R8c7 Bg5 31. Rxe7 Bxh6 32. Rxh7+ Kg8
33. Rxh6 d5 34. Rg6+ Kh8 35. Kxf2 Ra7 36. Rh6+ Kg8 37. Rg1+ Rg7 38. Rxg7+ Kxg7
39. Rg6+ Kf7 40. Rxa6 dxe4 41. Bxe4 Rd8 42. Ke3 1-0

[Event "Hilton Open 2013"]
[Site "Basel"]
[Date "2013.01.03"]
[Round "4.34"]
[White "Tillmann, Marc"]
[Black "Ernst, Rolf"]
[Result "0-1"]
[WhiteElo "1999"]
[BlackElo "2131"]
[PlyCount "102"]
[EventDate "2013.??.??"]
[SourceDate "2013.01.01"]

1. d4 Nf6 2. Nf3 e6 3. Bg5 Be7 4. c4 d6 5. Nc3 Nbd7 6. e4 e5 7. Be2 c6 8. O-O
O-O 9. Qc2 Qc7 10. a3 Re8 11. Rfd1 Nf8 12. d5 c5 13. h3 Nh5 14. Be3 g6 15. Nxe5
Ng7 16. Ng4 Nd7 17. Nh6+ Kf8 18. Bf4 a6 19. Bg4 Bf6 20. Re1 Ne5 21. Bxc8 Raxc8
22. Qe2 Nh5 23. Bxe5 Bxe5 24. Ng4 Bd4 25. Qd3 Qd7 26. Re2 Re7 27. Rae1 Rce8 28.
b4 b6 29. b5 a5 30. e5 Bxe5 31. Nxe5 dxe5 32. Ne4 Kg7 33. g4 Nf4 34. Re3 h6 35.
h4 f5 36. gxf5 gxf5 37. Ng3 Kg6 38. Ne2 Nxe2+ 39. Qxe2 f4 40. Qd3+ Kf6 41. Rh3
e4 42. Qc3+ Kf5 43. Kh2 Rg8 44. f3 e3 45. Qd3+ Kf6 46. Qc3+ Kf7 47. Qd3 Kf8 48.
h5 Re5 49. Rh4 Qf7 50. Rg1 Rxg1 51. Kxg1 e2 0-1

[Event "Hilton Open 2013"]
[Site "Basel"]
[Date "2013.01.03"]
[Round "4.35"]
[White "Grandadam, Patrick"]
[Black "Frey, Matthias"]
[Result "1-0"]
[WhiteElo "2204"]
[BlackElo "1958"]
[PlyCount "61"]
[EventDate "2013.??.??"]
[SourceDate "2013.01.01"]

1. Nf3 c5 2. c4 Nf6 3. d4 cxd4 4. Nxd4 g6 5. Nc3 Bg7 6. e4 d6 7. Be2 Nc6 8. Be3
O-O 9. O-O Ne5 10. f3 Bd7 11. Qd2 Rc8 12. b3 a6 13. Rfc1 Qc7 14. Rc2 Rfd8 15.
Rac1 Bc6 16. Qd1 b6 17. Nd5 Qb7 18. Nxc6 Nxc6 19. Nxb6 Rb8 20. Nd5 a5 21. Rd2
Nb4 22. Nxf6+ Bxf6 23. c5 Be5 24. a3 Nc6 25. f4 Qxb3 26. Qxb3 Rxb3 27. fxe5
Rxe3 28. cxd6 Rxe2 29. Rxe2 Nxe5 30. dxe7 Re8 31. Rc7 1-0